Cultura General #2 - Statistics

General Stats
  • This quiz has been taken 900 times
  • The average score is 12 of 15
Answer Stats
Hint Answer % Correct
¿Cuál es la capital de España? Madrid
95%
¿Cuál es el continente donde se encuentra Egipto? África
93%
¿Qué parte del cuerpo humano bombea sangre? Corazón
93%
¿Qué océano se encuentra al oeste de América? Pacífico
93%
¿En qué película de Disney aparece el personaje de Elsa? Frozen
92%
¿Qué famoso navegante llegó a América en 1492? Cristóbal Colón
89%
¿En qué siglo ocurrió la Revolución Francesa? XVIII
89%
¿Cómo se llama el mago de la saga más famosa de J.K. Rowling? Harry Potter
88%
¿Qué gas respiramos que es esencial para vivir? Oxígeno
88%
¿Qué actor interpreta a "Jack Dawson" en "Titanic"? Leonardo Di Caprio
87%
¿Qué elemento químico tiene el símbolo "Fe"? Hierro
85%
¿Qué cantante es conocida por su canción "Like a Virgin"? Madonna
61%
¿Quién es el famoso boxeador apodado "El gran campeón"? Muhammad Ali
58%
¿Quién es el protagonista de la película "Piratas del Caribe"? Johnny Depp
53%
¿Quién fue el líder de la independencia de México? Miguel Hidalgo
19%
No matching quizzes found
Score Distribution
Percent of People with Each Score
Percentile by Number Answered
Your Score History
You have not taken this quiz